SPONS Estimating Costs Guide to Finishings Painting, Decorating, Plastering and Tiling Unit Rates and Total Project Costs/ (Record no. 329313)
[ view plain ]
| 000 -LEADER | |
|---|---|
| fixed length control field | 00595 a2200133 4500 |
| 003 - CONTROL NUMBER IDENTIFIER | |
| control field | Nust |
| 005 - DATE AND TIME OF LATEST TRANSACTION | |
| control field | 20170503103647.0 |
| 008 - FIXED-LENGTH DATA ELEMENTS--GENERAL INFORMATION | |
| fixed length control field | 170503b xxu||||| |||| 00| 0 eng d |
| 020 ## - INTERNATIONAL STANDARD BOOK NUMBER | |
| International Standard Book Number | 9780415434430 |
| 040 ## - CATALOGING SOURCE | |
| Transcribing agency | dlc |
| 082 ## - DEWEY DECIMAL CLASSIFICATION NUMBER | |
| Classification number | 693.60299 SPA |
| 100 ## - MAIN ENTRY--PERSONAL NAME | |
| Personal name | Spain, Bryan |
| 245 ## - TITLE STATEMENT | |
| Title | SPONS Estimating Costs Guide to Finishings Painting, Decorating, Plastering and Tiling Unit Rates and Total Project Costs/ |
| Statement of responsibility, etc. | Bryan Spain |
| 260 ## - PUBLICATION, DISTRIBUTION, ETC. | |
| Place of publication, distribution, etc. | London : |
| Name of publisher, distributor, etc. | SPONS Press, |
| Date of publication, distribution, etc. | 2005 |
| 300 ## - PHYSICAL DESCRIPTION | |
| Extent | xvi, 255p. : |
| Other physical details | ill. ; |
| Dimensions | 23 cm |
| 650 ## - SUBJECT ADDED ENTRY--TOPICAL TERM | |
| Topical term or geographic name entry element | Estimating -- Printing, Decorating, Plastering and Tiling |
| 942 ## - ADDED ENTRY ELEMENTS (KOHA) | |
| Source of classification or shelving scheme | |
| Koha item type | Book |
| Withdrawn status | Lost status | Source of classification or shelving scheme | Damaged status | Not for loan | Permanent Location | Current Location | Date acquired | Total Checkouts | Full call number | Barcode | Date last seen | Price effective from | Koha item type |
|---|---|---|---|---|---|---|---|---|---|---|---|---|---|
| School of Civil and Environmental Engineering (SCEE) | School of Civil and Environmental Engineering (SCEE) | 05/03/2017 | 693.60299 SPA | NIT-8534 | 05/03/2017 | 05/03/2017 | Book |
